|
|
|
|
| LEADER |
00000nam a22000007a 4500 |
| 005 |
20181109233012.0 |
| 007 |
cr|||| |||| |
| 008 |
181109s2018 br |||||s|||| 00||0 por d |
| 035 |
|
|
|a 22365
|
| 040 |
|
|
|a vLex
|
| 090 |
|
|
|c 8290
|d 8290
|
| 100 |
1 |
|
|a Rodrigues Martins, Melcha̕des
|
| 245 |
1 |
0 |
|a Justa Causa
|h [Recurso electrn̤ico] /
|c Melcha̕des Rodrigues Martins
|
| 256 |
|
|
|a Servicio en ln̕ea
|
| 260 |
|
|
|a San Pablo:
|b LTR,
|c 2018
|
| 300 |
|
|
|a 1 recurso electrn̤ico
|
| 500 |
|
|
|a A segunda ediȯ̂ desta obra, a exemplo da primeira, vem a tratar da justa causa do empregado, do empregador e da culpa recp̕roca, esta quando os dois, empregado e empregador, concorrem simultaneamente para a extinȯ̂ do contrato de trabalho. Tambm̌ foram tratadas outras hipt̤eses de justas causas previstas em legislaȯ̂ esparsa. Encontra-se atualizada pela Lei n. 13.467, de 13.7.17, que acrescentou a aln̕ea “m” no art. 482, da CLT, que trata da hipt̤ese de justa causa em decorrn̊cia “da perda da habilitaȯ̂ ou dos requisitos estabelecidos em lei para o exercc̕io da profissô, em decorrn̊cia de conduta dolosa do empregado”. A referida Lei tambm̌ acrescentou o art. 484-A, possibilitando a rescisô do contrato de trabalho por acordo, entre empregado e empregador, nas condiė̳s l ̀previstas, da ̕a razô da sua inclusô nesta obra. Todas as hipt̤eses previstas no arts. 482 (justa causa do empregado), 483 (justa causa do empregador); culpa recp̕roca (art. 484), rescisô por comum acordo (art. 484-A); justa causa praticada pelo empregado domštico ou pelo empregador domštico (Lei Complementar n. 150, de 1.6.15, art. 27 e parg̀rafo n︢ico) e outras de normas esparsas sô tratadas em 32 Capt̕ulos, dando-se n̊fase a doutrina e jurisprudn̊cia atualizada. É obra indispensv̀el para os operadores do Direito do Trabalho (estudantes, advogados e juz̕es), mas tambm̌ para os administradores de relaė̳s trabalhistas.
|
| 506 |
1 |
|
|a Disponible solo en los productos indicados
|d vLex Global
|d vLex Global (Academic Edition, excluding Law Schools)
|d vLex Global (U.S. Academic Edition, Law Schools)
|d vLex Global (U.S. Academic Edition, excluding Law Schools)
|d vLex Global (Academic Edition, Law Schools)
|
| 650 |
0 |
4 |
|a Derecho Laboral y Seguridad Social
|z Brasil
|
| 740 |
0 |
|
|a vLex Libros (Servicio en ln̕ea)
|
| 856 |
4 |
0 |
|u http://vlex.com/source/justa-causa-22365
|z Acceso restringido
|
| 942 |
|
|
|c BOOK
|
| 999 |
0 |
|
|a Labor law and social security
|